Evaluation of the Economic Impact of Electricity Blackout Scenarios for the Automotive Sector and the Slovak Economy diplomová práca
Saved in:
| Main Author: | |
|---|---|
| Corporate Author: | |
| Other Authors: | |
| Format: | Book |
| Language: | English |
| Published: |
Bratislava
2025
|
| Tags: |
No Tags, Be the first to tag this record!
|
MARC
| LEADER | 00000nbm a2200000 4500 | ||
|---|---|---|---|
| 001 | 0309224 | ||
| 005 | 20251027085824.9 | ||
| 041 | 0 | |a eng | |
| 044 | |a SK | ||
| 245 | 1 | 0 | |a Evaluation of the Economic Impact of Electricity Blackout Scenarios for the Automotive Sector and the Slovak Economy |b diplomová práca |c Patrik Turcsek ; školiteľ: Martin Lábaj |
| 264 | 1 | |a Bratislava |c 2025 | |
| 300 | |a 86 s. | ||
| 100 | 1 | |a Turcsek, Patrik | |
| 700 | 1 | |a Lábaj, Martin, 1982- | |
| 710 | 2 | |a Národohospodárska fakulta EU. Katedra hospodárskej politiky | |